What is a Pentecostal? (Record no. 14163)

000 -LEADER
fixed length control field 00533nam a2200181 a 4500
001 - CONTROL NUMBER
control field :::00011987$&:&@@
003 - CONTROL NUMBER IDENTIFIER
control field OkBaRHE
005 - DATE AND TIME OF LATEST TRANSACTION
control field 20000607103414.0
008 - FIXED-LENGTH DATA ELEMENTS--GENERAL INFORMATION
fixed length control field s1985 j 000 0 eng u
040 ## - CATALOGING SOURCE
Transcribing agency
100 1# - MAIN ENTRY--PERSONAL NAME
Personal name Smolchuck, Fred.
245 10 - TITLE STATEMENT
Title What is a Pentecostal?
260 ## - PUBLICATION, DISTRIBUTION, ETC. (IMPRINT)
Place of publication, distribution, etc Grass Lake, MI., :
Name of publisher, distributor, etc Gospel Truth Ministries
Date of publication, distribution, etc 1985
300 ## - PHYSICAL DESCRIPTION
Extent 13 p. ;
Dimensions 16 cm.
650 ## - SUBJECT ADDED ENTRY--TOPICAL TERM
Topical term or geographic name as entry element Pentecostalism
942 ## - ADDED ENTRY ELEMENTS (KOHA)
Source of classification or shelving scheme
Koha item type Books
Copies
Full call number Shelving location Date last seen Source of classification or shelving scheme Date acquired Permanent Location Not for loan Price effective from Koha item type Lost status Copy number Damaged status Barcode Withdrawn status
BX 8763 .S6General Stacks2010-04-14 2010-04-14RHEMA Bible Training College 2010-04-14Books 1 11987